Определение кармуазина в безалкогольных напитках методом вольтамперометрии; IX Всероссийская конференция по электрохимическим методам анализа с международным участием и молодежной научной школой "ЭМА 2016"

Detaylı Bibliyografya
Parent link:IX Всероссийская конференция по электрохимическим методам анализа с международным участием и молодежной научной школой "ЭМА 2016".— 2016.— [С. 133]
Yazar: Липских О. И. Ольга Ивановна
Müşterek Yazar: Национальный исследовательский Томский политехнический университет (ТПУ) Институт природных ресурсов (ИПР) Кафедра физической и аналитической химии (ФАХ)
Diğer Yazarlar: Николаева А. А. Алёна Андреевна, Короткова Е. И. Елена Ивановна
Özet:Заглавие с титульного листа
Dil:Rusça
Baskı/Yayın Bilgisi: 2016
Konular:
Online Erişim:http://www.wssanalytchem.org/events/Lists/List/Attachments/15/Сборник%20ЭМА-2016.pdf#page=133
Materyal Türü: Elektronik Kitap Bölümü
KOHA link:https://koha.lib.tpu.ru/cgi-bin/koha/opac-detail.pl?biblionumber=654561

MARC

LEADER 00000naa0a2200000 4500
001 654561
005 20250911093325.0
035 |a (RuTPU)RU\TPU\network\20197 
035 |a RU\TPU\network\17749 
090 |a 654561 
100 |a 20170504d2016 k||y0rusy50 ca 
101 0 |a rus 
102 |a RU 
135 |a drcn ---uucaa 
181 0 |a i  
182 0 |a b 
200 1 |a Определение кармуазина в безалкогольных напитках методом вольтамперометрии  |f О. И. Липских, А. А. Николаева, Е. И. Короткова 
203 |a Текст  |c электронный 
300 |a Заглавие с титульного листа 
320 |a [Библиогр.: с. 133 (2 назв.)] 
463 1 |t IX Всероссийская конференция по электрохимическим методам анализа с международным участием и молодежной научной школой "ЭМА 2016"  |o тезисы докладов, г. Екатеринбург, 29 мая - 3 июня 2016 г.  |f Уральский федеральный университет (УрФУ)  |v [С. 133]  |d 2016 
610 1 |a электронный ресурс 
610 1 |a труды учёных ТПУ 
610 1 |a пищевые продукты 
610 1 |a вольтамперометрия 
610 1 |a азокрасители 
610 1 |a синтетические красители 
610 1 |a электроды 
700 1 |a Липских  |b О. И.  |c химик  |c инженер Томского политехнического университета  |f 1984-  |g Ольга Ивановна  |3 (RuTPU)RU\TPU\pers\36679 
701 1 |a Николаева  |b А. А.  |c химик  |c инженер Томского политехнического университета  |f 1989-  |g Алёна Андреевна  |3 (RuTPU)RU\TPU\pers\37464 
701 1 |a Короткова  |b Е. И.  |c химик  |c профессор Томского политехнического университета, доктор химических наук  |f 1965-  |g Елена Ивановна  |3 (RuTPU)RU\TPU\pers\27109  |9 12659 
712 0 2 |a Национальный исследовательский Томский политехнический университет (ТПУ)  |b Институт природных ресурсов (ИПР)  |b Кафедра физической и аналитической химии (ФАХ)  |3 (RuTPU)RU\TPU\col\18656 
801 2 |a RU  |b 63413507  |c 20170504  |g RCR 
856 4 |u http://www.wssanalytchem.org/events/Lists/List/Attachments/15/Сборник%20ЭМА-2016.pdf#page=133 
942 |c CF